logo

Bir Sreshtho Munshi Abdur Rouf Library
Jhenaidah Cadet College

Science for survival : (Record no. 7794)

MARC details
000 -LEADER
fixed length control field 00893cam a2200265 a 4500
001 - CONTROL NUMBER
JCCL Control Number 7794
003 - CONTROL NUMBER IDENTIFIER
JCCL marc code BD-JhCC
005 - DATE AND TIME OF LATEST TRANSACTION
control field 20180214101221.0
008 - FIXED-LENGTH DATA ELEMENTS--GENERAL INFORMATION
fixed length control field 830622s1981 ii b 001 0 eng
020 ## - INTERNATIONAL STANDARD BOOK NUMBER
Terms of availability Tk90.00 ($10.00 U.S.)
035 ## - SYSTEM CONTROL NUMBER
system control number (BD-JhCC)7794
040 ## - CATALOGING SOURCE
Original cataloging agency DLC
Transcribing agency DLC
Modifying agency DLC
-- BD-JhCC
041 ## - LANGUAGE CODE
Language code of Book eng
050 00 - LIBRARY OF CONGRESS CALL NUMBER
Classification number Q127.2
Item number .A3 1981
082 00 - DEWEY DECIMAL CLASSIFICATION NUMBER
Classification number 338.9/009172/4
DDC Edition number 19
Author mark and Year AFZ 1981
100 1# - MAIN ENTRY--PERSONAL NAME
Personal name Afzal, Syed Ali.
245 10 - TITLE STATEMENT
Title Science for survival :
Remainder of title role of science and technology in the development efforts of the other two-thirds of mankind /
Statement of responsibility, etc Syed Ali Afzal.
260 ## - PUBLICATION, DISTRIBUTION, ETC. (IMPRINT)
Place of publication, distribution, etc Dacca :
Name of publisher, distributor, etc Grantha Stabak :
-- available at National Book Centre,
Date of publication, distribution, etc c1981.
300 ## - PHYSICAL DESCRIPTION
Pagination xiii, 378 p. ;
Dimensions 22 cm.
504 ## - BIBLIOGRAPHY, ETC. NOTE
Bibliography, etc Includes bibliographical references and index.
650 #0 - SUBJECT ADDED ENTRY--TOPICAL TERM
Topical term or geographic name as entry element Science
Geographic subdivision Developing countries.
650 #0 - SUBJECT ADDED ENTRY--TOPICAL TERM
Topical term or geographic name as entry element Technology
Geographic subdivision Developing countries.
942 ## - ADDED ENTRY ELEMENTS (KOHA)
Source of classification or shelving scheme Dewey Decimal Classification
Koha item type Books
Holdings
Source of classification or shelving scheme Damaged status Not for loan Home library Current library Shelving location Total Checkouts Full call number Barcode Date last seen Copy number Koha item type
Dewey Decimal Classification     JCC Rouf Library JCC Rouf Library General Stacks   338.9/009172/4 AFZ 1981 800 02/14/2018 C - 1 Books

JCC Library | Contacts | JCC Home

Last Update on 23 September 2017
Copyright @ 2017-2020 JCC Rouf Library
Rouf Library, Jhenidah Cadet College (JCC), Bangladesh